[Event "Titled Tuesday intern op 19th Oct"]
[Site "Chess.com INT"]
[Date "2021.10.19"]
[Round "5"]
[White "Von Buelow, Georg"]
[Black "Zubkov, Vsevolod"]
[Result "1-0"]
[WhiteElo "2361"]
[BlackElo "2261"]
[PlyCount "115"]
[EventDate "2021.10.19"]
[EventType "swiss (blitz)"]
[EventRounds "11"]
[EventCountry "USA"]
[SourceTitle "CBM 204 Extra"]
[Source "ChessBase"]
[SourceDate "2021.11.30"]
[SourceVersion "1"]
[SourceVersionDate "2021.11.30"]
[SourceQuality "1"]

1. e4 e6 2. d4 d5 3. Nc3 Nf6 4. Bg5 Bb4 5. e5 h6 6. Bd2 Bxc3 7. bxc3 Ne4 8. Qg4 c5 9. Bd3 Nxd2 10. Qxg7 Rf8 11. Kxd2 Nc6 12. Nf3 Qa5 13. dxc5 d4 14. Ke2 Qxc3 15. Rab1 Qxc5 16. Rb5 Qa3 17. Qxh6 Qxa2 18. h4 a6 19. Rb6 Qa5 20. Rhb1 Nxe5 21. Qh5 Nc4 22. Qxa5 Nxa5 23. h5 Bd7 24. Ne5 0-0-0 25. h6 Rh8 26. Nxf7 e5 27. Nxd8 Rxd8 28. h7 Rh8 29. Rh1 Bc6 30. Bf5+ Kd8 31. f3 Nc4 32. Rbb1 Ne3 33. Be4 Bb5+ 34. Kf2 Ke7 35. g4 Kf6 36. Rh5 Nc4 37. Rf5+ Kg7 38. Rh1 Nd6 39. Rxe5 Kf6 40. Rd5 Nf7 41. Rxd4 Rc8 42. Kg3 Kg7 43. f4 Rc3+ 44. Kh4 Re3 45. g5 Be2 46. f5 Bf3 47. f6+ Kf8 48. Bxf3 Rxf3 49. g6 Rxf6 50. gxf7 Rh6+ 51. Kg5 Rxh1 52. Rd8+ Kxf7 53. h8Q Rg1+ 54. Kf4 Rf1+ 55. Ke3 Re1+ 56. Kd2 Re6 57. Qf8+ Kg6 58. Re8 1-0

[Event "Moscow City Team-ch"]
[Site "Moscow"]
[Date "2021.09.12"]
[Round "2"]
[White "Pavlov, Danila"]
[Black "Zubkov, Vsevolod"]
[Result "1-0"]
[WhiteElo "2390"]
[BlackElo "2241"]
[PlyCount "49"]
[EventDate "2021.09.11"]
[EventType "team-swiss"]
[EventRounds "7"]
[EventCountry "RUS"]
[SourceTitle "EXT 2022"]
[Source "ChessBase"]
[SourceDate "2021.10.06"]
[SourceVersion "1"]
[SourceVersionDate "2021.10.06"]
[SourceQuality "1"]

1. e4 e6 2. d4 d5 3. Nc3 Nf6 4. Bg5 Bb4 5. e5 h6 6. Be3 Ne4 7. Qg4 Kf8 8. a3 Bxc3+ 9. bxc3 Nxc3 10. Bd3 c5 11. dxc5 Nc6 12. Nf3 f5 13. exf6 Qxf6 14. Qh5 e5 15. Bg5 Qe6 16. Bd2 e4 17. 0-0 Qf6 18. Rae1 Be6 19. Bxc3 Qxc3 20. Ng5 Bg8 21. Bb5 Qxc5 22. Nxe4 Qxc2 23. Nd6 g6 24. Qf3+ Kg7 25. Bxc6 1-0

[Event "Sochi ChessAmateur op"]
[Site "Sochi"]
[Date "2018.04.06"]
[Round "8"]
[White "Savitski, Andrei"]
[Black "Zubkov, Vsevolod"]
[Result "1/2-1/2"]
[WhiteElo "2214"]
[BlackElo "2290"]
[PlyCount "36"]
[EventDate "2018.04.01"]
[EventType "swiss"]
[EventRounds "9"]
[EventCountry "RUS"]
[SourceTitle "CBM 184 Extra"]
[Source "ChessBase"]
[SourceDate "2018.06.28"]
[SourceVersion "1"]
[SourceVersionDate "2018.06.28"]
[SourceQuality "1"]

1. d4 d5 2. Bf4 c5 3. e3 Qb6 4. Nc3 e6 5. Bxb8 Rxb8 6. Bb5+ Bd7 7. Bxd7+ Kxd7 8. dxc5 Bxc5 9. Nxd5 exd5 10. Qxd5+ Kc7 11. 0-0-0 Rc8 12. Qxf7+ Kb8 13. Qxg7 Nf6 14. Qg3+ Ka8 15. Qf3 Ba3 16. bxa3 Rxc2+ 17. Kxc2 Rc8+ 18. Kd2 Rd8+ 1/2-1/2

[Event "Sochi ChessAmateur op"]
[Site "Sochi"]
[Date "2018.04.02"]
[Round "2"]
[White "Esonboeva, Gulruhsor"]
[Black "Zubkov, Vsevolod"]
[Result "0-1"]
[WhiteElo "1930"]
[BlackElo "2290"]
[PlyCount "41"]
[EventDate "2018.04.01"]
[EventType "swiss"]
[EventRounds "9"]
[EventCountry "RUS"]
[SourceTitle "CBM 184 Extra"]
[Source "ChessBase"]
[SourceDate "2018.06.28"]
[SourceVersion "1"]
[SourceVersionDate "2018.06.28"]
[SourceQuality "1"]

1. e4 e6 2. d4 d5 3. Nc3 Nf6 4. Bg5 Bb4 5. e5 h6 6. Bd2 Bxc3 7. bxc3 Ne4 8. Bd3 Nxd2 9. Qxd2 c5 10. Bb5+ Bd7 11. Bxd7+ Nxd7 12. Nf3 Rc8 13. 0-0 Qa5 14. Rab1 Nb6 15. Qd3 0-0 16. Rb5 Qxa2 17. dxc5 Nd7 18. Qd4 Rc7 19. Rfb1 Rfc8 20. Rxb7 Qa6 21. c4 0-1

[Event "Sochi ChessAmateur op"]
[Site "Sochi"]
[Date "2018.04.02"]
[Round "3"]
[White "Zubkov, Vsevolod"]
[Black "Dudin, Gleb"]
[Result "0-1"]
[WhiteElo "2290"]
[BlackElo "2196"]
[PlyCount "106"]
[EventDate "2018.04.01"]
[EventType "swiss"]
[EventRounds "9"]
[EventCountry "RUS"]
[SourceTitle "CBM 184 Extra"]
[Source "ChessBase"]
[SourceDate "2018.06.28"]
[SourceVersion "1"]
[SourceVersionDate "2018.06.28"]
[SourceQuality "1"]

1. d4 e6 2. Nf3 Nf6 3. e3 b6 4. Bd3 Bb7 5. 0-0 c5 6. c4 Be7 7. Nc3 cxd4 8. exd4 0-0 9. d5 d6 10. dxe6 fxe6 11. Nd4 Qc8 12. Re1 e5 13. Bf5 Qe8 14. Ne6 Qc6 15. Nd5 Re8 16. Nxf6+ Bxf6 17. Be4 Qd7 18. Bxb7 Qxb7 19. Qxd6 Na6 20. Qd5 Qxd5 21. cxd5 Re7 22. a3 Nc7 23. Nxc7 Rxc7 24. f4 e4 25. Rxe4 Rd8 26. Re2 Rxd5 27. Be3 Re7 28. Rae1 Rd3 29. Kf2 Rb3 30. Bc1 Rc7 31. Rd1 h6 32. g4 Rc4 33. g5 hxg5 34. fxg5 Bd4+ 35. Kg2 Bc5 36. h3 Kh7 37. Re6 Rc2+ 38. Bd2 g6 39. Re2 Rbxb2 40. Kf3 Ra2 41. Ke4 Bxa3 42. Kd3 Bb4 43. Bxb4 Rxe2 44. Rf1 Rf2 45. Re1 Rf3+ 46. Kc4 Raf2 47. Re8 Kg7 48. Re7+ Rf7 49. Bc3+ Kf8 50. Re6 Rc7+ 51. Kd4 Kf7 52. Rd6 Rf3 53. Bb2 Rc2 0-1

[Event "Moscow op-A 14th"]
[Site "Moscow"]
[Date "2018.02.04"]
[Round "9"]
[White "Zubkov, Vsevolod"]
[Black "Shoboev, Dandar"]
[Result "0-1"]
[WhiteElo "2333"]
[BlackElo "1982"]
[PlyCount "78"]
[EventDate "2018.01.27"]
[EventType "swiss"]
[EventRounds "9"]
[EventCountry "RUS"]
[SourceTitle "CBM 182 Extra"]
[Source "ChessBase"]
[SourceDate "2018.02.23"]
[SourceVersion "1"]
[SourceVersionDate "2018.02.23"]
[SourceQuality "1"]

1. d4 Nf6 2. Nf3 e6 3. c4 b6 4. g3 Ba6 5. Qa4 c6 6. Bg2 b5 7. cxb5 cxb5 8. Qd1 d5 9. Bf4 Be7 10. 0-0 0-0 11. Ne5 Qb6 12. e3 Nc6 13. Nd2 Rac8 14. g4 Nxe5 15. dxe5 Nd7 16. Nb3 Nc5 17. Qd4 b4 18. Rfd1 Be2 19. Re1 Bxg4 20. Bg5 Bxg5 21. Qxg4 Be7 22. Nd4 Nd3 23. Bxd5 Nxe5 24. Qh5 Ng6 25. Bg2 Bf6 26. Rad1 Nf4 27. exf4 Bxd4 28. Re2 g6 29. Qh4 Bg7 30. Red2 a5 31. b3 Qb5 32. Qg5 Rc5 33. Qe7 Rcc8 34. Rd7 Qf5 35. Ra7 Qxf4 36. Rxa5 Rc2 37. Qa7 Be5 38. h3 Qh2+ 39. Kf1 Bg3 0-1

[Event "Moscow op-A 14th"]
[Site "Moscow"]
[Date "2018.02.03"]
[Round "8"]
[White "Yuferov, Sergey N"]
[Black "Zubkov, Vsevolod"]
[Result "1-0"]
[WhiteElo "2412"]
[BlackElo "2333"]
[PlyCount "153"]
[EventDate "2018.01.27"]
[EventType "swiss"]
[EventRounds "9"]
[EventCountry "RUS"]
[SourceTitle "CBM 182 Extra"]
[Source "ChessBase"]
[SourceDate "2018.02.23"]
[SourceVersion "1"]
[SourceVersionDate "2018.02.23"]
[SourceQuality "1"]

1. d4 d5 2. Bf4 c5 3. e3 Qb6 4. Nc3 cxd4 5. Bb5+ Kd8 6. Qxd4 Qxd4 7. exd4 Be6 8. Nf3 f6 9. Ba4 Bf7 10. Bb3 e6 11. Nb5 Nc6 12. Nd6 Bxd6 13. Bxd6 Na5 14. Bf8 Nxb3 15. axb3 h6 16. Bxg7 Rh7 17. Bf8 Ne7 18. Bxe7+ Kxe7 19. g3 Kd6 20. 0-0 Bg8 21. Rfe1 Rc7 22. c3 Rcc8 23. b4 Rc7 24. Re3 Rcc8 25. Nh4 Bh7 26. Rf3 Rf8 27. Rf4 Ke7 28. Ng2 Kf7 29. Rh4 Kg7 30. Nf4 Rfe8 31. Re1 Be4 32. Re3 e5 33. dxe5 fxe5 34. Ne2 Rf8 35. Rh5 a5 36. bxa5 Rxa5 37. f4 Ra2 38. Rxe5 Rxb2 39. c4 Rd2 40. cxd5 Bxd5 41. Rc3 Bc6 42. Kf2 Ra8 43. h4 Raa2 44. g4 Rd1 45. Rce3 Rb2 46. f5 Rd4 47. Kg3 Ra4 48. Re7+ Kf8 49. f6 Rbb4 50. Rg7 h5 51. gxh5 Rxh4 52. Ree7 Rxh5 53. Ref7+ Ke8 54. Rc7 Kd8 55. Rce7 Bd5 56. Rd7+ Kc8 57. f7 Bxf7 58. Rdxf7 Rd5 59. Nf4 Rd1 60. Kf3 Rb4 61. Ke2 Rd8 62. Nd3 Rb5 63. Kd2 Rb3 64. Rg3 Kb8 65. Rf1 Ra3 66. Rd1 Ka7 67. Ke3 Rd7 68. Kd2 Rd8 69. Rb1 Rd7 70. Rb4 Rc7 71. Rd4 Ra2+ 72. Ke3 Re7+ 73. Kf3 Ra3 74. Kf4 Re2 75. Rg7 Re6 76. Nc5 Re8 77. Rxb7+ 1-0

[Event "Moscow op-A 14th"]
[Site "Moscow"]
[Date "2018.01.31"]
[Round "5"]
[White "Zubkov, Vsevolod"]
[Black "Shaydullina, Sandugach"]
[Result "1/2-1/2"]
[WhiteElo "2333"]
[BlackElo "2211"]
[PlyCount "46"]
[EventDate "2018.01.27"]
[EventType "swiss"]
[EventRounds "9"]
[EventCountry "RUS"]
[SourceTitle "CBM 182 Extra"]
[Source "ChessBase"]
[SourceDate "2018.02.23"]
[SourceVersion "1"]
[SourceVersionDate "2018.02.23"]
[SourceQuality "1"]

1. d4 d5 2. Nf3 e6 3. c4 c6 4. Qc2 f5 5. Bf4 Nf6 6. e3 Be7 7. Nc3 0-0 8. Bd3 Ne4 9. g4 Bb4 10. h4 Qa5 11. Bxe4 fxe4 12. Ne5 Nd7 13. h5 Nxe5 14. Bxe5 dxc4 15. Ke2 Bxc3 16. bxc3 Qd5 17. h6 g6 18. Rh4 c5 19. f4 cxd4 20. Bxd4 e5 21. Bxe5 g5 22. Rhh1 Bxg4+ 23. Ke1 Bf3 1/2-1/2

[Event "Moscow op-A 14th"]
[Site "Moscow"]
[Date "2018.01.29"]
[Round "3"]
[White "Zubkov, Vsevolod"]
[Black "Kutsanyan, Andranik"]
[Result "0-1"]
[WhiteElo "2333"]
[BlackElo "2202"]
[PlyCount "78"]
[EventDate "2018.01.27"]
[EventType "swiss"]
[EventRounds "9"]
[EventCountry "RUS"]
[SourceTitle "CBM 182 Extra"]
[Source "ChessBase"]
[SourceDate "2018.02.23"]
[SourceVersion "1"]
[SourceVersionDate "2018.02.23"]
[SourceQuality "1"]

1. d4 c5 2. d5 e6 3. Nc3 Nf6 4. e4 d6 5. Bb5+ Nbd7 6. dxe6 fxe6 7. a4 a6 8. Bc4 Ne5 9. Ba2 b5 10. f4 Ng6 11. e5 b4 12. exf6 bxc3 13. f7+ Kxf7 14. Qf3 Rb8 15. f5 Ne5 16. Qh5+ g6 17. fxg6+ Kg8 18. g7 Bxg7 19. Bg5 cxb2 20. Rd1 Qa5+ 21. Bd2 Qxa4 22. Ne2 h6 23. Bb1 Bb7 24. 0-0 Qg4 25. Qxg4 Nxg4 26. h3 Ne5 27. Nf4 Bd5 28. Bc3 Nf3+ 29. gxf3 Bxc3 30. Nxd5 exd5 31. Rxd5 Rb6 32. Rf5 Kg7 33. Kh1 Re8 34. Rg1+ Kh8 35. Rf7 Bd4 36. Rg3 Rbb8 37. c3 Re1+ 38. Kh2 Rxb1 39. cxd4 Rh1+ 0-1

[Event "Moscow op-A 13th"]
[Site "Moscow"]
[Date "2017.02.04"]
[Round "8"]
[White "Mehar, Chinna Reddy CH"]
[Black "Zubkov, Vsevolod"]
[Result "1-0"]
[WhiteElo "2255"]
[BlackElo "2355"]
[PlyCount "51"]
[EventDate "2017.01.28"]
[EventType "swiss"]
[EventRounds "9"]
[EventCountry "RUS"]
[SourceTitle "EXT 2018"]
[Source "ChessBase"]
[SourceDate "2017.10.13"]
[SourceVersion "1"]
[SourceVersionDate "2017.10.13"]
[SourceQuality "1"]

1. d4 d5 2. Bf4 c6 3. e3 Bf5 4. c4 e6 5. Nc3 Bd6 6. Bg3 Ne7 7. Nf3 Bxg3 8. hxg3 Qc7 9. cxd5 exd5 10. Bd3 h6 11. Bxf5 Nxf5 12. Qc2 Qd7 13. 0-0-0 Na6 14. e4 Ne7 15. exd5 Nxd5 16. Rhe1+ Kf8 17. Ne5 Qe6 18. a3 Nac7 19. Ne4 g6 20. Nc5 Qc8 21. Rd3 Kg7 22. Rf3 Nf6 23. Ne4 Nce8 24. Nxf7 Kxf7 25. Rxf6+ Kg7 26. Rxg6+ 1-0

[Event "Moscow op-A 13th"]
[Site "Moscow"]
[Date "2017.01.29"]
[Round "2"]
[White "Zubkov, Vsevolod"]
[Black "Sviridov, Valery"]
[Result "0-1"]
[WhiteElo "2355"]
[BlackElo "2515"]
[PlyCount "92"]
[EventDate "2017.01.28"]
[EventType "swiss"]
[EventRounds "9"]
[EventCountry "RUS"]
[SourceTitle "CBM 176 Extra"]
[Source "ChessBase"]
[SourceDate "2017.03.02"]
[SourceVersion "1"]
[SourceVersionDate "2017.03.02"]
[SourceQuality "1"]

1. d4 Nf6 2. Nf3 g6 3. Bg5 Bg7 4. Nbd2 0-0 5. c3 d6 6. e4 Nc6 7. Bc4 h6 8. Bh4 e5 9. dxe5 Nxe5 10. Nxe5 dxe5 11. 0-0 Qe7 12. Qb3 c6 13. a4 g5 14. Bg3 Nh5 15. Rfd1 Qc5 16. Nf1 Nf6 17. Re1 a5 18. Rad1 Rb8 19. Rd2 b5 20. axb5 a4 21. Qb4 Qxb4 22. cxb4 cxb5 23. Bxe5 Rb7 24. Ba2 Re8 25. Bc3 Be6 26. Bxe6 Rxe6 27. Ng3 Nd7 28. Bxg7 Kxg7 29. Nf5+ Kg6 30. Nd6 Rb6 31. Nxf7 Nf6 32. Nd8 Rbd6 33. Nxe6 Rxd2 34. Nc7 Rxb2 35. Nxb5 Nxe4 36. f3 Nd2 37. Nc3 a3 38. Ra1 Nc4 39. Kf1 Ne3+ 40. Kg1 Rxg2+ 41. Kh1 Rc2 42. Na4 a2 43. b5 Nc4 44. b6 Nxb6 45. Nxb6 Rb2 46. Rxa2 Rxa2 0-1

[Event "Voronezh op-A 19th"]
[Site "Voronezh"]
[Date "2015.06.20"]
[Round "9"]
[White "Zubkov, Vsevolod"]
[Black "Demidov, Mikhail"]
[Result "1/2-1/2"]
[WhiteElo "2371"]
[BlackElo "2507"]
[PlyCount "152"]
[EventDate "2015.06.12"]
[EventType "swiss"]
[EventRounds "9"]
[EventCountry "RUS"]
[SourceTitle "CBM 167 Extra"]
[Source "ChessBase"]
[SourceDate "2015.09.14"]
[SourceVersion "1"]
[SourceVersionDate "2015.09.14"]
[SourceQuality "1"]

1. d4 g6 2. Nf3 Bg7 3. c4 d6 4. g3 f5 5. Bg2 Nf6 6. 0-0 0-0 7. Nc3 c6 8. Qc2 Na6 9. Re1 Qc7 10. b3 e5 11. dxe5 Nb4 12. Qb1 dxe5 13. e4 fxe4 14. Ng5 Nd3 15. Rf1 Nxc1 16. Qxc1 Bh6 17. h4 Bf5 18. Qe1 Rad8 19. Ncxe4 Nxe4 20. Nxe4 Rd4 21. Rd1 Bg4 22. Rxd4 exd4 23. f4 Bg7 24. Qd2 Rd8 25. Nf2 Bc8 26. Be4 Re8 27. Re1 Re6 28. Bd3 Qe7 29. Rxe6 Bxe6 30. Qe2 Kf8 31. Kg2 a6 32. Qf3 Ke8 33. h5 Bf7 34. hxg6 hxg6 35. Qg4 Qd7 36. Bxg6 Bxg6 37. Qxg6+ Kd8 38. g4 Kc7 39. g5 Bf8 40. Qe4 Qd8 41. Qf3 Kb6 42. Kg3 Be7 43. Kg4 Ka7 44. Qd3 Qh8 45. f5 Ka8 46. Ne4 Ba3 47. c5 Bc1 48. f6 Qc8+ 49. Kg3 Qg8 50. Kg4 Qe6+ 51. Kh5 Qe8+ 52. Kh4 Qh8+ 53. Kg3 Qg8 54. Qxd4 Bxg5 55. f7 Qxf7 56. Nxg5 Qg6 57. Qd2 Qf5 58. Qe3 Ka7 59. a4 Qg6 60. Kf3 Qf5+ 61. Kg3 Qg6 62. b4 Qb1 63. Qe4 Qg1+ 64. Kh4 Qh2+ 65. Kg4 Qg1+ 66. Kf5 a5 67. Ne6 Qf2+ 68. Nf4 Qg1 69. Ke6 Qg8+ 70. Kd7 Qf7+ 71. Kd6 Qf8+ 72. Ke5 Qg7+ 73. Kf5 Qc3 74. bxa5 Qxc5+ 75. Qe5 Qxe5+ 76. Kxe5 Ka6 1/2-1/2

[Event "Moscow Petrosian Memorial op"]
[Site "Moscow"]
[Date "2015.01.10"]
[Round "7"]
[White "Zubkov, Vsevolod"]
[Black "Grigoriev, Dmitriy"]
[Result "1-0"]
[WhiteElo "2070"]
[BlackElo "1962"]
[PlyCount "83"]
[EventDate "2015.01.04"]
[EventType "swiss"]
[EventRounds "9"]
[EventCountry "RUS"]
[SourceTitle "CBM 164 Extra"]
[Source "ChessBase"]
[SourceDate "2015.03.02"]
[SourceVersion "1"]
[SourceVersionDate "2015.03.02"]
[SourceQuality "1"]

1. d4 Nf6 2. Nf3 d5 3. c4 e6 4. g3 b6 5. Bg2 Bb7 6. Ne5 Be7 7. Qa4+ c6 8. Nc3 0-0 9. 0-0 Qc8 10. Bf4 dxc4 11. Qxc4 c5 12. d5 exd5 13. Nxd5 Bxd5 14. Bxd5 Nxd5 15. Qxd5 Na6 16. Rfd1 Nb4 17. Qe4 Qe6 18. a3 Na6 19. Qb7 g5 20. Nc6 gxf4 21. Nxe7+ Kh8 22. Nd5 fxg3 23. hxg3 Qc8 24. Qe7 Qe6 25. Qh4 f5 26. Qc4 b5 27. Qc3+ Kg8 28. Nf4 Qc6 29. Rd5 Rad8 30. Rad1 Rxd5 31. Rxd5 c4 32. Nh5 Qg6 33. Rd7 Rf7 34. Rd8+ Rf8 35. Nf6+ Kf7 36. Rd7+ Ke6 37. Qd4 f4 38. Qd6+ Kf5 39. Qxf4+ Ke6 40. Qd6+ Kf5 41. e4+ Kg5 42. Qf4# 1-0

[Event "RUS-chT U20"]
[Site "Kolomna"]
[Date "2014.08.06"]
[Round "5"]
[White "Zubkov, Vsevolod"]
[Black "Korchmar, Vasiliy"]
[Result "0-1"]
[WhiteElo "2144"]
[BlackElo "2352"]
[PlyCount "152"]
[EventDate "2014.08.02"]
[EventType "swiss"]
[EventRounds "9"]
[EventCountry "RUS"]
[SourceTitle "EXT 2016"]
[Source "ChessBase"]
[SourceDate "2015.10.08"]
[SourceVersion "1"]
[SourceVersionDate "2015.10.08"]
[SourceQuality "1"]

1. d4 Nf6 2. Nf3 g6 3. c4 Bg7 4. g3 0-0 5. Bg2 c6 6. 0-0 d5 7. b3 dxc4 8. bxc4 c5 9. Bb2 Qb6 10. Qb3 Nfd7 11. e3 Nc6 12. Na3 cxd4 13. Qxb6 Nxb6 14. Bxd4 e5 15. Bxb6 axb6 16. Nb5 Ra4 17. Nd2 e4 18. Rac1 f5 19. a3 Be6 20. Rc2 Rd8 21. Rb1 Rd7 22. Bf1 Bf7 23. c5 bxc5 24. Nc4 Bxc4 25. Bxc4+ Kh8 26. Bb3 Ra5 27. Rxc5 Bf8 28. Rd5 Rxd5 29. Bxd5 Bxa3 30. Bxc6 bxc6 31. Nd4 c5 32. Rb8+ Kg7 33. Rb7+ Kh6 34. Ne6 c4 35. Rc7 Re5 36. Rc6 Bb2 37. Kf1 c3 38. Nd4 Ra5 39. Rc7 g5 40. Kg2 Kg6 41. Ne2 Ra3 42. Nd4 Ra1 43. Rc6+ Kf7 44. Nxf5 Rd1 45. Nd4 Rd2 46. Kf1 h5 47. Ke1 Ke7 48. h3 Kd7 49. Rc4 Rd3 50. Rc5 Kd6 51. Rc8 Kd5 52. Rc7 Ba3 53. Nc2 Bc5 54. Rc8 Kc4 55. Nd4 Kb4 56. Rb8+ Ka3 57. Ra8+ Kb4 58. Rb8+ Kc4 59. Rc8 Kd5 60. Rd8+ Bd6 61. Rc8 Bb4 62. Nc2 Bc5 63. Rc7 Rd2 64. Nd4 Bxd4 65. exd4 Rd3 66. Ke2 h4 67. gxh4 gxh4 68. f4 Kxd4 69. f5 Rxh3 70. f6 Re3+ 71. Kd1 Rf3 72. Rd7+ Ke3 73. f7 h3 74. Rc7 h2 75. Rxc3+ Kd4 76. Rxf3 h1Q+ 0-1

[Event "Samara Polugaevsky Memorial 4th"]
[Site "Samara"]
[Date "2014.07.10"]
[Round "9"]
[White "Zubkov, Vsevolod"]
[Black "Veklich, Igor"]
[Result "1-0"]
[WhiteElo "2144"]
[BlackElo "1792"]
[PlyCount "85"]
[EventDate "2014.07.02"]
[EventType "swiss"]
[EventRounds "9"]
[EventCountry "RUS"]
[SourceTitle "CBM 161 Extra"]
[Source "ChessBase"]
[SourceDate "2014.08.29"]
[SourceVersion "1"]
[SourceVersionDate "2014.08.29"]
[SourceQuality "1"]

1. d4 d5 2. Nf3 Nf6 3. c4 dxc4 4. Qa4+ Nbd7 5. Nc3 c6 6. Qxc4 Nb6 7. Qd3 e6 8. g3 Nbd5 9. Bg2 Be7 10. 0-0 0-0 11. Rd1 Qb6 12. e4 Nb4 13. Qe2 Qa6 14. Qxa6 Nxa6 15. Ne5 Rd8 16. a3 Nc7 17. Bf4 Nce8 18. Nc4 b6 19. d5 Bb7 20. dxe6 fxe6 21. Bh3 Rxd1+ 22. Rxd1 Bc8 23. Ne5 c5 24. Nc6 Kf7 25. Bg2 Bb7 26. Nxe7 Kxe7 27. e5 Nd5 28. Nxd5+ Bxd5 29. Bxd5 exd5 30. Rxd5 Ke6 31. Rd1 Rc8 32. Kg2 c4 33. Rc1 Rc5 34. Be3 Rc6 35. f4 Nc7 36. Kf3 Nd5 37. Bd4 a5 38. Ke4 g6 39. g4 Ne7 40. a4 h5 41. gxh5 gxh5 42. Rg1 c3 43. f5+ 1-0

[Event "Samara Polugaevsky Memorial 4th"]
[Site "Samara"]
[Date "2014.07.08"]
[Round "7"]
[White "Zubkov, Vsevolod"]
[Black "Bogolepov, Grigory"]
[Result "1-0"]
[WhiteElo "2144"]
[BlackElo "1896"]
[PlyCount "73"]
[EventDate "2014.07.02"]
[EventType "swiss"]
[EventRounds "9"]
[EventCountry "RUS"]
[SourceTitle "CBM 161 Extra"]
[Source "ChessBase"]
[SourceDate "2014.08.29"]
[SourceVersion "1"]
[SourceVersionDate "2014.08.29"]
[SourceQuality "1"]

1. d4 Nf6 2. Nf3 d5 3. c4 e6 4. g3 dxc4 5. Bg2 b5 6. a4 c6 7. 0-0 Bb7 8. Ne5 Nd5 9. b3 cxb3 10. Qxb3 b4 11. Rd1 Na6 12. e4 Nf6 13. Na3 Be7 14. Nac4 0-0 15. Bb2 Qc7 16. Rac1 Rad8 17. Ne3 c5 18. d5 exd5 19. exd5 Ne8 20. Nc6 Bxc6 21. dxc6 Rxd1+ 22. Rxd1 Nd6 23. Nd5 Qd8 24. Qd3 c4 25. Nxe7+ Qxe7 26. Qxd6 Qxd6 27. Rxd6 c3 28. Bxc3 bxc3 29. Rd3 f5 30. Bd5+ Kh8 31. Rxc3 g6 32. Rb3 Nc5 33. Rb5 Nxa4 34. c7 Rc8 35. Rb8 Nb6 36. Be6 a5 37. Bxc8 1-0

[Event "Samara Polugaevsky Memorial 4th"]
[Site "Samara"]
[Date "2014.07.06"]
[Round "5"]
[White "Zubkov, Vsevolod"]
[Black "Afanasiev, Dmitry"]
[Result "1-0"]
[WhiteElo "2144"]
[BlackElo "1838"]
[PlyCount "51"]
[EventDate "2014.07.02"]
[EventType "swiss"]
[EventRounds "9"]
[EventCountry "RUS"]
[SourceTitle "CBM 161 Extra"]
[Source "ChessBase"]
[SourceDate "2014.08.29"]
[SourceVersion "1"]
[SourceVersionDate "2014.08.29"]
[SourceQuality "1"]

1. d4 Nf6 2. Nf3 e6 3. e3 b6 4. Bd3 Bb7 5. 0-0 Be7 6. c4 d5 7. Nc3 Nbd7 8. b3 0-0 9. Bb2 c5 10. Qe2 Re8 11. Rfd1 Rc8 12. Rac1 Qc7 13. cxd5 exd5 14. Bf5 Rcd8 15. Ne5 Nf8 16. Na4 Ne6 17. Bxe6 fxe6 18. dxc5 bxc5 19. Nxc5 Qb6 20. Nxb7 Qxb7 21. Rc6 Bd6 22. Rdc1 Ne4 23. Bd4 Rc8 24. Qc2 Nc5 25. Rxc8 Rxc8 26. Nd3 1-0

[Event "EU-ch U14"]
[Site "Prague"]
[Date "2012.08.22"]
[Round "6"]
[White "Valkama, Eero"]
[Black "Zubkov, Vsevolod"]
[Result "1/2-1/2"]
[WhiteElo "1827"]
[BlackElo "1928"]
[PlyCount "80"]
[EventDate "2012.08.17"]
[EventType "swiss"]
[EventRounds "9"]
[EventCountry "CZE"]
[SourceTitle "CBM 150 Extra"]
[Source "ChessBase"]
[SourceDate "2012.10.19"]
[SourceVersion "1"]
[SourceVersionDate "2012.10.19"]
[SourceQuality "1"]

1. e4 c5 2. Nf3 e6 3. d3 d5 4. Qe2 Nf6 5. g3 Be7 6. Bg2 0-0 7. 0-0 Nc6 8. e5 Nd7 9. h4 Re8 10. c4 Nf8 11. Re1 b6 12. h5 Bb7 13. Bf4 Qd7 14. Na3 Nd4 15. Qe3 dxc4 16. dxc4 Qc6 17. Nh4 Qc7 18. Bg5 Bxg2 19. Kxg2 Bxg5 20. Qxg5 h6 21. Qg4 Nd7 22. Qe4 a6 23. f4 Rad8 24. Rad1 Nb8 25. Nc2 Nxc2 26. Qxc2 Nc6 27. Nf3 Ne7 28. Rxd8 Rxd8 29. Rd1 Nf5 30. Rxd8+ Qxd8 31. Qd2 Qc7 32. g4 Ne7 33. Qd3 Nc6 34. b3 Nb4 35. Qd2 Nc6 36. Qd3 Nb4 37. Qd2 Nc6 38. Qd3 Nb4 39. Qd2 Nc6 40. Qd3 Nb4 1/2-1/2

[Event "Moscow op-E"]
[Site "Moscow"]
[Date "2011.02.06"]
[Round "9.175"]
[White "Zubkov, Vsevolod"]
[Black "Talov, Nikita"]
[Result "1/2-1/2"]
[WhiteElo "1884"]
[BlackElo "2110"]
[PlyCount "90"]
[EventDate "2011.01.29"]
[EventType "swiss"]
[EventRounds "9"]
[EventCountry "RUS"]
[SourceTitle "EXT 2022"]
[Source "ChessBase"]
[SourceDate "2021.10.06"]
[SourceVersion "1"]
[SourceVersionDate "2021.10.06"]
[SourceQuality "1"]

1. e4 c5 2. Nf3 Nc6 3. d4 cxd4 4. Nxd4 Nf6 5. Nc3 e5 6. Ndb5 d6 7. Bg5 a6 8. Na3 b5 9. Nd5 Be7 10. Bxf6 Bxf6 11. c3 0-0 12. Nc2 Bg5 13. a4 bxa4 14. Rxa4 a5 15. Bc4 Rb8 16. b3 Kh8 17. 0-0 f5 18. exf5 Bxf5 19. Nce3 Bg6 20. Bd3 Bxd3 21. Qxd3 Bxe3 22. fxe3 Rxf1+ 23. Qxf1 Rxb3 24. Rc4 Rb5 25. Nc7 Rb6 26. Nd5 Ra6 27. Nc7 d5 28. Rc5 Rb6 29. Nxd5 Rb8 30. e4 Qd6 31. Rb5 Rf8 32. Qc4 Qa3 33. h3 Nd8 34. Rb8 Qd6 35. Rb5 Ne6 36. Rxa5 Qd8 37. Rb5 Nf4 38. Nxf4 exf4 39. Rf5 Rxf5 40. exf5 f3 41. Qd4 Qg5 42. Qf2 fxg2 43. Qxg2 Qc1+ 44. Kh2 Qf4+ 45. Qg3 Qd2+ 1/2-1/2

[Event "Moscow op-E"]
[Site "Moscow"]
[Date "2011.02.04"]
[Round "7"]
[White "Zubkov, Vsevolod"]
[Black "Raondi, Yan Martin"]
[Result "1-0"]
[WhiteElo "1884"]
[BlackElo "1692"]
[PlyCount "37"]
[EventDate "2011.01.29"]
[EventType "swiss"]
[EventRounds "9"]
[EventCountry "RUS"]
[SourceTitle "EXT 2022"]
[Source "ChessBase"]
[SourceDate "2021.10.06"]
[SourceVersion "1"]
[SourceVersionDate "2021.10.06"]
[SourceQuality "1"]

1. e4 c5 2. Nf3 e6 3. d4 cxd4 4. Nxd4 Nc6 5. Nc3 a6 6. Be2 Qc7 7. 0-0 Nf6 8. Be3 Bb4 9. Nxc6 bxc6 10. Qd4 c5 11. Qd3 0-0 12. f4 Bb7 13. e5 Nd5 14. Nxd5 Bxd5 15. Bf3 Qb7 16. Bxd5 exd5 17. c3 c4 18. Qd4 Rac8 19. cxb4 1-0

[Event "Moscow op-E"]
[Site "Moscow"]
[Date "2011.02.03"]
[Round "6.244"]
[White "Salamov, Khetag"]
[Black "Zubkov, Vsevolod"]
[Result "1-0"]
[WhiteElo "1975"]
[BlackElo "1884"]
[PlyCount "75"]
[EventDate "2011.01.29"]
[EventType "swiss"]
[EventRounds "9"]
[EventCountry "RUS"]
[SourceTitle "EXT 2022"]
[Source "ChessBase"]
[SourceDate "2021.10.06"]
[SourceVersion "1"]
[SourceVersionDate "2021.10.06"]
[SourceQuality "1"]

1. e4 c5 2. Nf3 d6 3. Bb5+ Bd7 4. Bxd7+ Qxd7 5. c4 Nc6 6. d3 g6 7. 0-0 Bg7 8. Nc3 e6 9. Be3 Nge7 10. Rc1 Nd4 11. Bxd4 cxd4 12. Nb5 Nc6 13. Qb3 0-0 14. c5 dxc5 15. Rxc5 a6 16. Na3 b5 17. Rfc1 Rfc8 18. Qc2 Bh6 19. Nd2 Na7 20. Rxc8+ Rxc8 21. Qd1 Rxc1 22. Qxc1 Nc6 23. Nc2 Ne5 24. Ne1 Qd6 25. Qc2 Qb4 26. Nef3 Bf8 27. Kf1 Nd7 28. Qc7 Nf6 29. Qd8 Kg7 30. Qxd4 Qa5 31. g4 h6 32. h4 g5 33. hxg5 hxg5 34. Qe5 Be7 35. Qxg5+ Kf8 36. Ne5 Ke8 37. Qg7 Nd7 38. Qh8+ 1-0